The 11 Myths of Media Violence : (Record no. 609321)

MARC details
000 -LEADER
fixed length control field 00488nam a2200193 a 4500
008 - FIXED-LENGTH DATA ELEMENTS--GENERAL INFORMATION
fixed length control field 260127s2003##################000#0#eng##
020 ## - INTERNATIONAL STANDARD BOOK NUMBER
ISBN 9780761927358
082 04 - DEWEY DECIMAL CLASSIFICATION NUMBER
Classification number 303.6
Item number POT
100 1# - MAIN ENTRY--AUTHOR NAME
Personal name Potter, W. James,
245 10 - TITLE STATEMENT
Title The 11 Myths of Media Violence :
260 ## - PUBLICATION, DISTRIBUTION, ETC. (IMPRINT)
Name of publisher SAGE,
Year of publication 2003.
300 ## - PHYSICAL DESCRIPTION
Number of Pages 292 pages
650 #0 - SUBJECT ADDED ENTRY--TOPICAL TERM
Topical Term Fiction.
942 ## - ADDED ENTRY ELEMENTS (KOHA)
Koha item type English Books
Holdings
Withdrawn status Lost status Damaged status Not for loan Home library Current library Shelving location Date acquired Full call number Accession Number Price effective from Koha item type
        Anna Centenary Library Anna Centenary Library 3RD FLOOR, B WING 28.01.2026 303.6 POT 161304 28.01.2026 English Books

Find us on the map